<?xml version="1.0" encoding="UTF-8"?><?xml-stylesheet type="text/xsl" href="static/style.xsl"?><OAI-PMH xmlns="http://www.openarchives.org/OAI/2.0/" xmlns:xsi="http://www.w3.org/2001/XMLSchema-instance" xsi:schemaLocation="http://www.openarchives.org/OAI/2.0/ http://www.openarchives.org/OAI/2.0/OAI-PMH.xsd"><responseDate>2026-04-29T09:07:59Z</responseDate><request verb="GetRecord" identifier="oai:riubu.ubu.es:10259/9775" metadataPrefix="marc">https://riubu.ubu.es/oai/request</request><GetRecord><record><header><identifier>oai:riubu.ubu.es:10259/9775</identifier><datestamp>2024-12-13T01:05:14Z</datestamp><setSpec>com_10259_4731</setSpec><setSpec>com_10259_5086</setSpec><setSpec>com_10259_2604</setSpec><setSpec>col_10259_4732</setSpec></header><metadata><record xmlns="http://www.loc.gov/MARC21/slim" xmlns:doc="http://www.lyncode.com/xoai" xmlns:xsi="http://www.w3.org/2001/XMLSchema-instance" xmlns:dcterms="http://purl.org/dc/terms/" xsi:schemaLocation="http://www.loc.gov/MARC21/slim http://www.loc.gov/standards/marcxml/schema/MARC21slim.xsd">
<leader>00925njm 22002777a 4500</leader>
<datafield tag="042" ind1=" " ind2=" ">
<subfield code="a">dc</subfield>
</datafield>
<datafield tag="720" ind1=" " ind2=" ">
<subfield code="a">San Martín Gutiérrez, Sonia</subfield>
<subfield code="e">author</subfield>
</datafield>
<datafield tag="720" ind1=" " ind2=" ">
<subfield code="a">Jiménez Torres, Nadia Huitzilin</subfield>
<subfield code="e">author</subfield>
</datafield>
<datafield tag="720" ind1=" " ind2=" ">
<subfield code="a">Liébana-Cabanillas, Francisco</subfield>
<subfield code="e">author</subfield>
</datafield>
<datafield tag="260" ind1=" " ind2=" ">
<subfield code="c">2020-03</subfield>
</datafield>
<datafield tag="520" ind1=" " ind2=" ">
<subfield code="a">The purpose of this research is twofold. Firstly, this study examines the influence of economic, social, physical, and technological attributes associated with tourism on the role played by personal characteristics such as anxiety, perceived risk and experience in booking trips online on online purchase intention and electronic word-of-mouth (e-WOM). Secondly, this study analyzes the moderating effect of use contexts (desktop computer vs. smartphone/tablet). Results revealed that the values attributed to tourism anxiety, risk, and experience positively affected online purchase intention and e-WOM, therefore confirming the proposed moderation effect.</subfield>
</datafield>
<datafield tag="024" ind2=" " ind1="8">
<subfield code="a">0969-6989</subfield>
</datafield>
<datafield tag="024" ind2=" " ind1="8">
<subfield code="a">http://hdl.handle.net/10259/9775</subfield>
</datafield>
<datafield tag="024" ind2=" " ind1="8">
<subfield code="a">10.1016/j.jretconser.2019.101957</subfield>
</datafield>
<datafield ind1=" " ind2=" " tag="653">
<subfield code="a">Tourism value</subfield>
</datafield>
<datafield ind1=" " ind2=" " tag="653">
<subfield code="a">Anxiety</subfield>
</datafield>
<datafield ind1=" " ind2=" " tag="653">
<subfield code="a">Risk</subfield>
</datafield>
<datafield ind1=" " ind2=" " tag="653">
<subfield code="a">Experience</subfield>
</datafield>
<datafield ind1=" " ind2=" " tag="653">
<subfield code="a">Purchasing intention</subfield>
</datafield>
<datafield ind1=" " ind2=" " tag="653">
<subfield code="a">e-WOM</subfield>
</datafield>
<datafield tag="245" ind1="0" ind2="0">
<subfield code="a">Tourism value VS barriers to booking trips online</subfield>
</datafield>
</record></metadata></record></GetRecord></OAI-PMH>